[Event "67th Warsaw-ch A 2018"]
[Site "Warsaw"]
[Date "2018.11.12"]
[Round "1.1"]
[White "Heberla, Bartlomiej"]
[Black "Malec, Sebastian"]
[Result "1-0"]
[WhiteElo "2546"]
[BlackElo "2132"]
[Annotator "RC"]
[PlyCount "59"]
[EventDate "2018.11.12"]
[EventCountry "POL"]
[SourceTitle "playchess.com"]
[Source "ChessBase"]
[SourceQuality "1"]

1. d4 Nf6 2. c4 e6 3. Nc3 Bb4 4. e3 O-O 5. Bd2 d6 6. Bd3 e5 7. Nge2 Qe7 8. O-O Bxc3 9. Nxc3 e4 10. Bc2 Bg4 11. f3 exf3 12. gxf3 Bh3 13. Rf2 c5 14. Kh1 Nc6 15. Qg1 Nh5 16. dxc5 dxc5 17. Ne4 h6 18. Bc3 Be6 19. Rg2 f5 20. Nxc5 Bxc4 21. b3 b6 22. bxc4 bxc5 23. Rg6 Ne5 24. Rxh6 Nxf3 25. Qg6 Nh4 26. Qxh5 gxh6 27. Rg1+ Kh7 28. Rg7+ Qxg7 29. Bxg7 Kxg7 30. Qxh4 1-0

[Event "67th Warsaw-ch A 2018"]
[Site "Warsaw"]
[Date "2018.11.12"]
[Round "1.2"]
[White "Goslawski, Michal"]
[Black "Jakubowski, Krzysztof"]
[Result "0-1"]
[WhiteElo "2099"]
[BlackElo "2510"]
[Annotator "ChessBase"]
[PlyCount "81"]
[EventDate "2018.11.12"]
[EventCountry "POL"]
[SourceTitle "playchess.com"]
[Source "ChessBase"]
[SourceQuality "1"]

1. Nf3 d5 2. d4 Nf6 3. c4 c6 4. Nbd2 Bf5 5. Nh4 Be6 6. e3 g6 7. b3 Bg7 8. Bb2 O-O 9. Be2 Ne4 10. O-O Qa5 11. Nhf3 Nc3 12. Bxc3 Qxc3 13. cxd5 cxd5 14. Rc1 Qb4 15. Nb1 Qd6 16. Nc3 a6 17. Ne1 Bd7 18. Nd3 e6 19. Na4 b6 20. Rc3 Bb5 21. Qc2 Nd7 22. f4 Nf6 23. Nf2 Rfb8 24. Bxb5 axb5 25. Rc6 Qd8 26. Nc3 b4 27. Na4 Bf8 28. Rc1 Ra5 29. Qe2 Bd6 30. h3 Kg7 31. R6c2 Rba8 32. Ra1 R8a6 33. g4 h6 34. Rc6 g5 35. fxg5 hxg5 36. Rac1 Bb8 37. Qd2 b5 38. Rxa6 Rxa6 39. Nc5 Ra7 40. Ncd3 Ne4 41. Rc6 0-1

[Event "67th Warsaw-ch A 2018"]
[Site "Warsaw"]
[Date "2018.11.12"]
[Round "1.3"]
[White "Jarmula, Lukasz"]
[Black "Dwilewicz, Katarzyna"]
[Result "1-0"]
[WhiteElo "2492"]
[BlackElo "2070"]
[Annotator "ChessBase"]
[PlyCount "78"]
[EventDate "2018.11.12"]
[EventCountry "POL"]
[SourceTitle "playchess.com"]
[Source "ChessBase"]
[SourceQuality "1"]

1. e4 c5 2. Nf3 d6 3. d4 cxd4 4. Nxd4 Nf6 5. Nc3 a6 6. Be3 e6 7. f3 Qc7 8. Qd2 b5 9. a3 Bb7 10. O-O-O Be7 11. Bxb5+ axb5 12. Ndxb5 Qc6 13. Nxd6+ Qxd6 14. Qxd6 Bxd6 15. Rxd6 Ra6 16. Rhd1 Rxd6 17. Rxd6 Nbd7 18. b3 Ke7 19. Rd1 Bc6 20. a4 Ra8 21. Kb2 Ne8 22. Nb5 Rb8 23. c4 e5 24. Kc3 g6 25. Na7 Ba8 26. c5 Ke6 27. b4 f5 28. c6 Bxc6 29. Nxc6 Rc8 30. b5 Nef6 31. exf5+ gxf5 32. Kc4 f4 33. Bc5 e4 34. a5 e3 35. a6 Nxc5 36. Kxc5 Nd7+ 37. Kb4 Nb6 38. a7 Nd5+ 39. Rxd5 Kxd5 1-0

[Event "67th Warsaw-ch A 2018"]
[Site "Warsaw"]
[Date "2018.11.12"]
[Round "1.4"]
[White "Maj, Pawel"]
[Black "Tomczak, Mikolaj"]
[Result "1-0"]
[WhiteElo "2064"]
[BlackElo "2451"]
[Annotator "ChessBase"]
[PlyCount "89"]
[EventDate "2018.11.12"]
[EventCountry "POL"]
[SourceTitle "playchess.com"]
[Source "ChessBase"]
[SourceQuality "1"]

1. c4 e5 2. g3 Nc6 3. Bg2 f5 4. Nc3 Nf6 5. d3 Bb4 6. Bd2 O-O 7. a3 Bxc3 8. Bxc3 d6 9. e3 Be6 10. Nf3 h6 11. b3 Ne7 12. Nd2 c6 13. f4 Qb6 14. Qf3 Ng4 15. d4 Nd5 16. cxd5 Bxd5 17. e4 exd4 18. Bb2 Ne3 19. exd5 Rae8 20. Bf1 d3 21. Bxd3 Nc4+ 22. Be5 Nb2 23. Be2 dxe5 24. Qc3 exf4 25. Qxb2 Qe3 26. Nc4 Qf3 27. Rf1 Qg2 28. gxf4 Re4 29. Rd1 cxd5 30. Ne5 Rc8 31. Rf3 d4 32. b4 Kh7 33. Rd2 Rc3 34. Kd1 Qg1+ 35. Rf1 Qxh2 36. Nf3 Qh3 37. Rxd4 Rxd4+ 38. Nxd4 Rxa3 39. Nxf5 Rc3 40. Rf3 Qh1+ 41. Kd2 Rc7 42. Ng3 Qg1 43. Rd3 Re7 44. Qd4 Qg2 45. Re3 1-0

[Event "67th Warsaw-ch A 2018"]
[Site "Warsaw"]
[Date "2018.11.12"]
[Round "1.5"]
[White "Nguyen, Piotr"]
[Black "Choroszej, Aleksander"]
[Result "1-0"]
[WhiteElo "2393"]
[BlackElo "2055"]
[Annotator "ChessBase"]
[PlyCount "67"]
[EventDate "2018.11.12"]
[EventCountry "POL"]
[SourceTitle "playchess.com"]
[Source "ChessBase"]
[SourceQuality "1"]

1. d4 g6 2. e4 Bg7 3. c4 d6 4. Nc3 Nf6 5. Nf3 O-O 6. h3 e5 7. d5 h6 8. Be3 a5 9. Qd2 Kh7 10. g4 Ne8 11. O-O-O Na6 12. Be2 Bd7 13. h4 Nc5 14. Rdg1 Rb8 15. Kb1 c6 16. h5 g5 17. Rd1 Qc8 18. Bxc5 dxc5 19. Nh2 Nc7 20. f3 Rd8 21. Nf1 b5 22. dxc6 Bxc6 23. Qxd8 Qxd8 24. Rxd8 Rxd8 25. cxb5 Be8 26. Bc4 a4 27. Ne3 Rb8 28. Rd1 Nxb5 29. Nxb5 Bxb5 30. Bxb5 Rxb5 31. Rd7 Kg8 32. Ra7 Rb4 33. Kc2 Rd4 34. Nf5 1-0

[Event "67th Warsaw-ch A 2018"]
[Site "Warsaw"]
[Date "2018.11.12"]
[Round "1.6"]
[White "Majek, Kacper"]
[Black "Deszczynski, Adam"]
[Result "0-1"]
[WhiteElo "2052"]
[BlackElo "2315"]
[Annotator "ChessBase"]
[PlyCount "88"]
[EventDate "2018.11.12"]
[EventCountry "POL"]
[SourceTitle "playchess.com"]
[Source "ChessBase"]
[SourceQuality "1"]

1. Nf3 c5 2. e4 a6 3. g3 Nc6 4. Bg2 g6 5. O-O Bg7 6. d3 d6 7. c3 e5 8. Be3 Nge7 9. Nbd2 O-O 10. Nb3 f5 11. Bg5 h6 12. Bxe7 Nxe7 13. Re1 Rb8 14. Qe2 Rf7 15. d4 cxd4 16. cxd4 fxe4 17. Qxe4 Bf5 18. Qe2 e4 19. Nfd2 d5 20. f3 Nc6 21. fxe4 dxe4 22. Nxe4 Nxd4 23. Nxd4 Qxd4+ 24. Kh1 Re7 25. Rad1 Qb4 26. a3 Qxb2 27. Qc4+ Kh8 28. Nd6 Rxe1+ 29. Rxe1 Qd2 30. Nf7+ Kh7 31. Qe2 Qxe2 32. Rxe2 Bf8 33. a4 b6 34. Bc6 Bc5 35. Kg2 Kg7 36. Ne5 Rd8 37. g4 Bc8 38. Be4 Re8 39. Bc6 Re7 40. Kf3 Bd6 41. Nc4 Bxg4+ 42. Kxg4 Rxe2 43. Nxd6 Re6 44. Ne8+ Kf8 0-1

[Event "67th Warsaw-ch A 2018"]
[Site "Warsaw"]
[Date "2018.11.12"]
[Round "1.7"]
[White "Kowalski, Igor"]
[Black "Golecki, Jan"]
[Result "1-0"]
[WhiteElo "2293"]
[BlackElo "2029"]
[Annotator "ChessBase"]
[PlyCount "119"]
[EventDate "2018.11.12"]
[EventCountry "POL"]
[SourceTitle "playchess.com"]
[Source "ChessBase"]
[SourceQuality "1"]

1. d4 Nf6 2. c4 e6 3. Nf3 b6 4. a3 Bb7 5. Nc3 d5 6. cxd5 Nxd5 7. Qc2 Nxc3 8. bxc3 c5 9. e4 cxd4 10. cxd4 Bd6 11. Bd3 h6 12. O-O O-O 13. Qe2 e5 14. Nxe5 Bxe5 15. dxe5 Nd7 16. Bb2 Nc5 17. Bc4 Bxe4 18. Rad1 Qe7 19. Qg4 Qg5 20. Qxg5 hxg5 21. f3 Bf5 22. Rd6 Be6 23. Be2 Rfd8 24. Rfd1 Nb7 25. Rxd8+ Rxd8 26. Rxd8+ Nxd8 27. Kf2 Bd7 28. Ke3 Kf8 29. Bc3 Ne6 30. Bb4+ Ke8 31. g3 Bc6 32. Bc4 Nc7 33. Bd2 a5 34. Kf2 f6 35. exf6 gxf6 36. h4 gxh4 37. gxh4 Ke7 38. h5 Be8 39. h6 Bg6 40. Be3 b5 41. Bc5+ Kd7 42. Bg8 Ne6 43. Bb6 Ng5 44. Bxa5 Kc6 45. Bc3 Nh7 46. Ke3 Kd7 47. Kd4 Kd6 48. f4 Bc2 49. Bd5 Bg6 50. Bb4+ Kc7 51. Be4 f5 52. Bd3 Nf6 53. Bxb5 Kb6 54. Bc4 Ng4 55. Bf8 Nf6 56. Bg7 Nh5 57. Ke5 Bh7 58. Bf6 Kc5 59. Be6 Ng3 60. Bh4 1-0

[Event "67th Warsaw-ch A 2018"]
[Site "Warsaw"]
[Date "2018.11.12"]
[Round "1.8"]
[White "Sliwerski, Radoslaw"]
[Black "Kokoszczynski, Jan"]
[Result "1/2-1/2"]
[WhiteElo "1999"]
[BlackElo "2245"]
[Annotator "ChessBase"]
[PlyCount "104"]
[EventDate "2018.11.12"]
[EventCountry "POL"]
[SourceTitle "playchess.com"]
[Source "ChessBase"]
[SourceQuality "1"]

1. d4 Nf6 2. c4 e6 3. Nc3 Bb4 4. g3 O-O 5. Bg2 d6 6. Nf3 Qe7 7. Bd2 Nbd7 8. Qc2 c6 9. O-O Re8 10. e4 e5 11. Rfe1 Nf8 12. a3 Bxc3 13. Bxc3 N6d7 14. b4 b6 15. a4 c5 16. dxc5 dxc5 17. b5 a5 18. Bh3 Ne6 19. Nh4 Nd4 20. Qd3 g6 21. Ng2 Nf6 22. Bxc8 Raxc8 23. Rad1 Rcd8 24. f3 Rd6 25. Qf1 Red8 26. Ne3 Nh5 27. Nd5 Qe6 28. Rc1 f5 29. Bxd4 cxd4 30. c5 bxc5 31. Rxc5 f4 32. gxf4 Nxf4 33. Nxf4 exf4 34. Qc4 Qxc4 35. Rxc4 d3 36. Rd1 Rd4 37. Rxd4 Rxd4 38. b6 Kf7 39. b7 Rb4 40. Rxd3 Rxb7 41. Rd5 Rb2 42. Rxa5 Ke6 43. h4 Ra2 44. h5 gxh5 45. Rxh5 Rxa4 46. Rxh7 Ke5 47. Rf7 Kd4 48. Rxf4 Ke3 49. Rf5 Ra2 50. e5 Re2 51. e6 Kd4 52. Rf6 Ke5 1/2-1/2

[Event "67th Warsaw-ch A 2018"]
[Site "Warsaw"]
[Date "2018.11.12"]
[Round "1.9"]
[White "Mickiewicz, Piotr"]
[Black "Grochulski, Grzegorz"]
[Result "1-0"]
[WhiteElo "2243"]
[BlackElo "1996"]
[Annotator "ChessBase"]
[PlyCount "67"]
[EventDate "2018.11.12"]
[EventCountry "POL"]
[SourceTitle "playchess.com"]
[Source "ChessBase"]
[SourceQuality "1"]

1. c4 e5 2. Nc3 Nf6 3. Nf3 d6 4. d4 Nbd7 5. g3 g6 6. Bg2 Bg7 7. O-O O-O 8. Qc2 Re8 9. Rd1 c6 10. b3 Qc7 11. e4 a5 12. h3 b6 13. Be3 Ba6 14. Rac1 b5 15. c5 dxc5 16. dxe5 Nxe5 17. Nxe5 Qxe5 18. Bf4 Qe7 19. e5 Nd7 20. Bxc6 Nxe5 21. Nd5 Qe6 22. Bxa8 Rxa8 23. Nc7 Nf3+ 24. Kg2 Qc6 25. Nd5 Nd4 26. Qxc5 Qd7 27. Rxd4 Bxd4 28. Qxd4 Bb7 29. Rc5 Rd8 30. Kh2 Bxd5 31. Bh6 f6 32. Qxf6 Be6 33. Re5 Re8 34. Rxe6 1-0

[Event "67th Warsaw-ch A 2018"]
[Site "Warsaw"]
[Date "2018.11.12"]
[Round "1.10"]
[White "Liberadzki, Slawomir"]
[Black "Wiech, Grzegorz"]
[Result "1/2-1/2"]
[WhiteElo "1959"]
[BlackElo "2238"]
[Annotator "ChessBase"]
[PlyCount "175"]
[EventDate "2018.11.12"]
[EventCountry "POL"]
[SourceTitle "playchess.com"]
[Source "ChessBase"]
[SourceQuality "1"]

1. e4 c5 2. c3 d5 3. exd5 Qxd5 4. d4 e6 5. Nf3 Nc6 6. Be2 cxd4 7. cxd4 Nf6 8. O-O Be7 9. Nc3 Qd6 10. Bg5 O-O 11. Nb5 Qd8 12. Qa4 Bd7 13. Rfd1 Nd5 14. Bxe7 Ncxe7 15. Qb3 Qb6 16. Ne5 Bxb5 17. Bxb5 a6 18. Bc4 Qxb3 19. Bxb3 Rfd8 20. Rac1 Rac8 21. g3 g5 22. Ng4 Rxc1 23. Rxc1 Kg7 24. Ne3 Rd7 25. Bxd5 Nxd5 26. Nxd5 Rxd5 27. Rc7 Rb5 28. b3 a5 29. Kg2 g4 30. h3 h5 31. hxg4 hxg4 32. Kf1 Kg6 33. Ke2 f6 34. Ke3 b6 35. Re7 Kf5 36. Rh7 Rb4 37. Kd3 e5 38. dxe5 Kxe5 39. Re7+ Kf5 40. Rd7 Rb5 41. Rb7 Rd5+ 42. Ke3 b5 43. a3 Ke5 44. Ra7 Rc5 45. Rxa5 Rc3+ 46. Ke2 Rxb3 47. a4 Rb2+ 48. Kf1 Rb1+ 49. Kg2 Ke4 50. Rxb5 Ra1 51. Rb4+ Kf5 52. Rb5+ Ke4 53. a5 f5 54. Rc5 Rb1 55. Rc8 Ra1 56. Ra8 Ke5 57. a6 Kf6 58. Rf8+ Kg6 59. Rg8+ Kf7 60. Ra8 Kg7 61. a7 Kh7 62. Rf8 Rxa7 63. Rxf5 Kg6 64. Rd5 Ra1 65. Re5 Rb1 66. Re2 Kf5 67. f4 gxf3+ 68. Kxf3 Rb3+ 69. Kg2 Kg4 70. Re4+ Kg5 71. Kh3 Rb5 72. Rg4+ Kh5 73. Rh4+ Kg5 74. Rh8 Ra5 75. Rg8+ Kh5 76. g4+ Kh6 77. Kh4 Rb5 78. Ra8 Rc5 79. Ra6+ Kg7 80. Rd6 Ra5 81. Re6 Rb5 82. Kg3 Rb4 83. Kf3 Ra4 84. Kg3 Rb4 85. Re5 Kg6 86. Kh4 Rb6 87. Ra5 Rc6 88. Rb5 1/2-1/2

[Event "67th Warsaw-ch A 2018"]
[Site "Warsaw"]
[Date "2018.11.12"]
[Round "1.11"]
[White "Misiuk, Andrzej"]
[Black "Spicak, Krzysztof"]
[Result "0-1"]
[WhiteElo "2215"]
[BlackElo "1940"]
[Annotator "ChessBase"]
[PlyCount "64"]
[EventDate "2018.11.12"]
[EventCountry "POL"]
[SourceTitle "playchess.com"]
[Source "ChessBase"]
[SourceQuality "1"]

1. d4 f5 2. c4 Nf6 3. Nc3 g6 4. g3 Bg7 5. Bg2 d6 6. Nf3 O-O 7. O-O Qe8 8. Qb3 e5 9. c5+ Kh8 10. cxd6 cxd6 11. Nb5 Qe7 12. Qa3 e4 13. Ne5 Nc6 14. Nxc6 bxc6 15. Qxd6 Qxd6 16. Nxd6 Ba6 17. Bf4 Bxe2 18. Rfc1 Nd5 19. Be5 Ne7 20. Bf1 Bxf1 21. Kxf1 Kg8 22. Rc5 Rfd8 23. Rac1 Rd7 24. R1c4 Rb8 25. b3 Ra8 26. Ke2 Rad8 27. Ra4 Rxd6 28. Bxd6 Rxd6 29. Rcc4 Rd7 30. f3 exf3+ 31. Kxf3 Kf7 32. Ke3 Nd5+ 0-1

[Event "67th Warsaw-ch A 2018"]
[Site "Warsaw"]
[Date "2018.11.12"]
[Round "1.12"]
[White "Potocki, Karol"]
[Black "Sanz Wawer, Daniel"]
[Result "0-1"]
[WhiteElo "1862"]
[BlackElo "2192"]
[Annotator "ChessBase"]
[PlyCount "58"]
[EventDate "2018.11.12"]
[EventCountry "POL"]
[SourceTitle "playchess.com"]
[Source "ChessBase"]
[SourceQuality "1"]

1. e4 c6 2. d4 d5 3. Nc3 dxe4 4. Nxe4 Bf5 5. Ng3 Bg6 6. Nf3 Nf6 7. h4 h6 8. Ne5 Bh7 9. Bc4 e6 10. Qe2 Nd5 11. Nh5 Nd7 12. Bf4 Nxf4 13. Nxf4 Nxe5 14. Qxe5 Qd6 15. O-O-O O-O-O 16. h5 Qxe5 17. dxe5 Bc5 18. Rxd8+ Rxd8 19. Rf1 Rd4 20. Bd3 Rxf4 21. Bxh7 Bxf2 22. Kd1 Kd7 23. Ke2 Bg3 24. Rxf4 Bxf4 25. b3 Bxe5 26. g4 Ke7 27. Kf3 Kf6 28. c4 Bd6 29. Ke4 g6 0-1

[Event "67th Warsaw-ch A 2018"]
[Site "Warsaw"]
[Date "2018.11.12"]
[Round "1.13"]
[White "Maciaga, Marcin"]
[Black "Trybus, Daniel"]
[Result "1/2-1/2"]
[WhiteElo "2164"]
[BlackElo "1860"]
[Annotator "ChessBase"]
[PlyCount "82"]
[EventDate "2018.11.12"]
[EventCountry "POL"]
[SourceTitle "playchess.com"]
[Source "ChessBase"]
[SourceQuality "1"]

1. c4 Nf6 2. g3 g6 3. Bg2 Bg7 4. Nf3 O-O 5. O-O d6 6. Nc3 e5 7. d3 Nc6 8. Rb1 Be6 9. b4 h6 10. b5 Ne7 11. Nd2 Qc8 12. Re1 Bh3 13. Bh1 Nd7 14. a4 f5 15. Qc2 Nc5 16. Ba3 Ne6 17. c5 dxc5 18. Nd5 Nxd5 19. Bxd5 Kh7 20. Bxc5 Nxc5 21. Qxc5 a6 22. Rec1 axb5 23. axb5 Rd8 24. e4 fxe4 25. Nxe4 Rd7 26. Qc4 Qd8 27. Bxb7 Rb8 28. Bc6 Rxd3 29. Nc5 Rd4 30. Qf7 Bf5 31. Ne6 Bxe6 32. Qxe6 Qg5 33. Rf1 Rbd8 34. Qf7 e4 35. Qxc7 e3 36. fxe3 Qxe3+ 37. Kh1 Rd2 38. Rbe1 Re2 39. Qxd8 Rxe1 40. Rxe1 Qxe1+ 41. Kg2 Qe2+ 1/2-1/2

[Event "67th Warsaw-ch A 2018"]
[Site "Warsaw"]
[Date "2018.11.12"]
[Round "1.14"]
[White "Zelak, Wladyslaw"]
[Black "Praczukowski, Stanislaw"]
[Result "1-0"]
[WhiteElo "1815"]
[BlackElo "2140"]
[Annotator "ChessBase"]
[PlyCount "51"]
[EventDate "2018.11.12"]
[EventCountry "POL"]
[SourceTitle "playchess.com"]
[Source "ChessBase"]
[SourceQuality "1"]

1. e4 c6 2. d4 d5 3. e5 c5 4. dxc5 e6 5. a3 Bxc5 6. Qg4 g6 7. Bd3 Nd7 8. Nf3 Qc7 9. Qg3 Ne7 10. Nc3 a6 11. Bh6 b5 12. O-O Bb7 13. Rfe1 Nf5 14. Bxf5 gxf5 15. Qg7 O-O-O 16. Ng5 Bf8 17. Qxf7 d4 18. Nxe6 Qc6 19. Ne4 Nxe5 20. Qxf5 Bxh6 21. Nxd8+ Kxd8 22. Qxe5 Rg8 23. Qb8+ Bc8 24. Qd6+ Qxd6 25. Nxd6 Bd7 26. Nf7+ 1-0

[Event "67th Warsaw-ch A 2018"]
[Site "Warsaw"]
[Date "2018.11.12"]
[Round "1.15"]
[White "Rozycki, Bartlomiej"]
[Black "Pietrzak, Wojciech"]
[Result "1-0"]
[WhiteElo "2138"]
[BlackElo "1802"]
[Annotator "ChessBase"]
[PlyCount "117"]
[EventDate "2018.11.12"]
[EventCountry "POL"]
[SourceTitle "playchess.com"]
[Source "ChessBase"]
[SourceQuality "1"]

1. d4 Nf6 2. c4 c5 3. d5 b5 4. cxb5 a6 5. e3 g6 6. Nc3 d6 7. Nf3 Bg7 8. a4 O-O 9. Be2 axb5 10. Bxb5 Ba6 11. Ra3 Ne8 12. O-O Nc7 13. Qd3 Nd7 14. e4 Qb8 15. Bxa6 Nxa6 16. Nb5 Nb4 17. Qe2 Rc8 18. Bd2 Bxb2 19. Rb3 Bg7 20. Bxb4 cxb4 21. Rxb4 Nc5 22. Qa2 Bf6 23. Rfb1 Nd3 24. Rc4 Nb2 25. Rxc8+ Qxc8 26. e5 Nxa4 27. exf6 Nc3 28. Qxa8 Qxa8 29. Nxc3 exf6 30. Nd4 Kg7 31. Ndb5 Qc8 32. Ra1 f5 33. Ra7 Kh6 34. g3 f6 35. Kg2 f4 36. Ne4 g5 37. Nbxd6 Qc2 38. g4 Kg6 39. Rf7 f3+ 40. Kxf3 Qd1+ 41. Ke3 h5 42. Rxf6+ Kg7 43. gxh5 Qxh5 44. Nf5+ Kg8 45. Rg6+ Kf8 46. Rf6+ Kg8 47. f3 g4 48. fxg4 Qxh2 49. d6 Qg1+ 50. Kf4 Qc1+ 51. Ne3 Qc6 52. Re6 Kf7 53. Re5 Kg6 54. Rg5+ Kf7 55. Rd5 Ke6 56. d7 Qc7+ 57. Kf3 Qd8 58. Nc5+ Ke7 59. Nb7 1-0

[Event "67th Warsaw-ch A 2018"]
[Site "Warsaw"]
[Date "2018.11.13"]
[Round "2.1"]
[White "Mickiewicz, Piotr"]
[Black "Heberla, Bartlomiej"]
[Result "0-1"]
[WhiteElo "2243"]
[BlackElo "2546"]
[Annotator "TA"]
[PlyCount "78"]
[EventDate "2018.11.12"]
[EventCountry "POL"]
[SourceTitle "playchess.com"]
[Source "ChessBase"]
[SourceQuality "1"]

{[%evp 11,78,33,31,38,39,39,30,18,25,17,11,10,18,0,26,-12,18,9,50,9,24,16,25,0,21,0,44,35,54,50,62,48,80,81,72,71,127,120,191,189,188,187,176,86,80,27,43,-39,0,0,0,-150,-145,-210,-214,-538,-537,-528,-530,-497,-498,-462,212,-1110,-1096,-29994,-29995,-29995,-5114]} 1. e4 d6 2. d4 {[%cal Bd2d4,Bd4d5][%mdl 32]} g6 3. Bc4 Nf6 4. Qe2 Nc6 5. c3 (5. Nf3 Bg4 6. Bb5 Nd7 7. c3 Bg7 8. Nbd2 e5 9. d5 Ne7 10. h3 Bxf3 11. Nxf3 O-O {1-0 (29) Edouard,R (2648)-Kuzubov,Y (2635) Grosseto Prugna 2016}) 5... e5 6. Nf3 {B06: Modern Defence} Bg4 {LiveBook: 10 Games} 7. d5 Ne7 8. Bd3 $146 {White is slightly better.} ({Predecessor:} 8. Bg5 Bg7 9. Nbd2 h6 10. Be3 c6 11. dxc6 bxc6 {½-½ (60) Brenjo,S (2320)-Bogdanovski,V (2440) Kladovo 1991}) 8... Bg7 9. c4 O-O 10. Nc3 Nd7 11. h3 Bxf3 $1 12. gxf3 f5 13. Be3 c5 14. h4 Nf6 {[%cal Bd7f6,Bf6h5,Bh5f4][%mdl 32]} (14... f4 $5 {[%cal Rf4e3]} 15. Bd2 Nf6 $11) 15. O-O-O {[%cal Be1c1,Bc1b1,Bb1a1][%mdl 32]} Nh5 16. Kb1 a6 17. Ka1 Qd7 18. Bc2 fxe4 19. fxe4 Nf4 20. Qf1 b5 21. h5 Rab8 22. hxg6 Nexg6 {[%cal Be7g6,Bg6h4,Bh4f3,Bf3d4][%mdl 32]} 23. Rd2 bxc4 (23... Bf6 $142) 24. Qxc4 $16 Rb4 (24... Qb7 25. Bd1 $14) (24... Qc8 $16) 25. Qxa6 $18 Rfb8 {[#]} 26. Ba4 $1 {[%cal Ra4d7]} Qd8 27. Bc6 (27. Qf1 $18 {is more deadly.}) 27... Nh4 $16 28. Rc2 (28. Nb5 $16) 28... Nf3 $11 29. Nb5 ({White should play} 29. a3 $14 Qb6 30. Qxb6 R4xb6 31. a4) 29... Rb6 30. Qa5 {Black must now prevent Nxd6!} Qb8 {[%cal Rb6b5]} 31. Nxd6 {[#]} ({White should try} 31. Qa3 $11 Ng2 32. Bd2 (32. Bxc5 Nge1 $17) 32... Nxd2 33. Rxd2) 31... Nd4 $1 $17 {[%cal Rd4c2]} 32. Bxd4 (32. Rxc5 $17 {might work better.} Qxd6 33. b3) 32... exd4 $40 {[%cal Be5d4,Bd4d3][%mdl 160] Black wants a kill.} 33. e5 $2 (33. Qxc5 d3 $19) (33. Nb5 d3 34. Rd2) 33... d3 34. Qxc5 Rxb2 35. Rxb2 Rxb2 36. Nc4 Rc2 $4 {[%mdl 8192]} (36... Re2 $19 37. Qb5 (37. Rg1 $2 d2 $19) 37... Bxe5+ 38. Nxe5 Qxe5+ 39. Kb1 d2) 37. Rg1 $4 {[%mdl 8192]} (37. d6 $18 d2 38. Bd5+ Nxd5 39. Qxd5+ Kf8 40. Qf3+ Kg8 41. Qd5+ Kf8 42. Rb1 (42. Qf3+ Kg8 $14)) 37... d2 {( -> ...Rc1+)} 38. Rxg7+ Kxg7 {[%cal Rd2d1]} 39. Qe7+ Kg8 {Precision: White = 29%, Black = 43%.} (39... Kh6 $142 40. Qh4+ Nh5 41. Qxh5+ Kxh5 42. Be8+ Kh6 43. Bf7 d1=Q#) 0-1

[Event "67th Warsaw-ch A 2018"]
[Site "Warsaw"]
[Date "2018.11.13"]
[Round "2.2"]
[White "Jakubowski, Krzysztof"]
[Black "Rozycki, Bartlomiej"]
[Result "1/2-1/2"]
[WhiteElo "2510"]
[BlackElo "2138"]
[Annotator "TA"]
[PlyCount "150"]
[EventDate "2018.11.12"]
[EventCountry "POL"]
[SourceTitle "playchess.com"]
[Source "ChessBase"]
[SourceQuality "1"]

{[%evp 10,150,26,25,30,25,21,15,31,20,30,-10,-10,-10,-10,-10,-6,-12,-8,-33,-39,-30,-16,-77,-43,-37,-33,-35,0,-30,0,0,0,0,9,14,8,0,10,0,0,0,0,0,0,0,0,0,0,0,0,0,0,-16,-23,-13,-14,-33,-51,-74,-74,-74,-74,-74,-74,-74,-74,-74,-74,-74,-74,-74,-75,-82,-44,-82,-44,-82,-82,-82,-64,-82,-44,-82,-66,-82,-45,-74,-54,-74,-31,-31,-10,-27,-43,-43,-15,-15,-8,-25,-25,-26,-3,-3,-3,-3,-3,-3,-3,-3,-3,-3,-3,-3,-3,-3,-3,-3,-3,-3,-3,-3,0,-3,0,-3,-3,-3,-3,-3,-3,-8,-8,-8,0,-3,-3,-3,-3,-3,0,0,0]} 1. Nf3 d5 2. g3 c6 3. Bg2 Bg4 4. b3 Nd7 5. Bb2 Qc7 6. c4 {LiveBook: 12 Games. A07: Réti Opening: New York and Capablanca Systems} Ngf6 (6... dxc4 7. bxc4 e5 8. O-O Ngf6 9. d3 Bd6 10. Nbd2 O-O 11. h3 Bxf3 12. Bxf3 Nc5 13. Bg2 Rad8 {1-0 (36) Granda Zuniga,J (2652)-Jakubowski,K (2565) Benasque 2015}) 7. cxd5 cxd5 8. Nc3 Rc8 $146 ({Predecessor:} 8... Bxf3 9. Bxf3 e6 10. O-O Be7 11. d3 O-O 12. Qd2 Rac8 13. Rfc1 Qa5 14. a3 {1-0 (76) Lai,H (2320)-Kazarian,A (2320) Rotterdam 2016}) 9. Rc1 {aiming for Nxd5!} Qb8 10. Ba3 e6 11. Bxf8 Kxf8 12. O-O Bxf3 13. Bxf3 g6 14. b4 Kg7 15. Bg2 Rc4 16. Rb1 (16. Qb3 $11) 16... Rhc8 17. e3 Ne8 18. Rb3 Nd6 19. a4 a6 20. Qa1 {[#] Black must now prevent d3.} Kg8 21. Rd1 b5 22. axb5 axb5 23. Bf1 R4c7 24. Ra3 Nc4 25. Ra2 Nde5 26. Ne2 Nc6 27. Rb1 Ra7 28. Rxa7 Qxa7 29. Qxa7 Nxa7 30. d3 Nd6 31. Nd4 Nc6 $36 {[%mdl 2048] Black is pushing.} 32. Nxc6 Rxc6 $11 {[%mdl 4096] Endgame KRB-KRN} 33. Ra1 Kf8 34. e4 dxe4 35. dxe4 Nxe4 36. Bxb5 Rb6 37. Bd3 Rxb4 38. Bxe4 Rxe4 $17 {KR-KR} 39. h4 Rd4 40. Kg2 Ke7 41. Ra2 Rd7 42. Re2 Ra7 43. Kf3 Ra3+ 44. Kg2 Kf6 45. Rb2 Ra7 46. Rc2 Ke5 47. Re2+ Kd4 48. Rb2 Ke4 49. Rb8 e5 50. Rb4+ Kd3 51. Rb3+ Kc4 52. Rb6 Kc5 53. Rf6 $1 e4 54. h5 Kd4 55. hxg6 hxg6 56. g4 $1 {The position is equal.} Ke5 57. g5 Rd7 58. Kf1 Kd4 59. Ke2 Ra7 60. Rd6+ Kc5 61. Rf6 Kd5 62. Ke1 Rb7 63. Ke2 Kd4 64. Rd6+ Ke5 65. Rf6 Rb2+ 66. Kf1 Rb1+ 67. Kg2 Rb7 68. Kf1 Rd7 69. Ke2 Kd4 70. Kf1 Kd3 71. Ke1 Kd4 72. Ke2 Kc4 73. Ke3 Kd5 74. f3 Ke5 {[#] Threatens to win with ...Rd3+.} 75. fxe4 Ra7 {Accuracy: White = 59%, Black = 56%.} 1/2-1/2